| 000 | 00736nam a2200229 a 4500 | ||
|---|---|---|---|
| 008 | |||
| 020 | _a8175140097 (cased) | ||
| 049 | _aMAIN | ||
| 090 | 0 | 0 | _aHD62.15 |
| 100 | 1 | _aWeaver, Charles N. | |
| 245 | 1 | 0 |
_aManaging the four stages of TQM : _bhow to achieve world-class performance / _cCharles N. Weaver. |
| 260 |
_aMilwaukee, Wis. : _bASQC Quality Press, _c1995. |
||
| 300 |
_axvii,, 252 p. : _bill. ; _c24 cm. |
||
| 504 | _aIncludes bibliographical references: p. 243-244. | ||
| 500 | _aIncludes index. | ||
| 650 | 0 | 0 | _aTotal quality management. |
| 907 |
_a.b10082529 _b15-07-03 _c15-07-03 |
||
| 003 | |||
| 005 | 20230123133336.0 | ||
| 040 | _cNUST | ||
| 942 |
_cBOOKS _kHD62.15 |
||
| 999 |
_c146938 _d146938 |
||